African gender studies : (Record no. 7485)
[ view plain ]
| 000 -LEADER | |
|---|---|
| fixed length control field | 01412cam a22003494a 4500 |
| 001 - CONTROL NUMBER | |
| control field | 13627003 |
| 003 - CONTROL NUMBER IDENTIFIER | |
| control field | GZU |
| 005 - DATE AND TIME OF LATEST TRANSACTION | |
| control field | 20210511085725.0 |
| 008 - FIXED-LENGTH DATA ELEMENTS--GENERAL INFORMATION | |
| fixed length control field | 040617s2005 enk b 001 0 eng |
| 010 ## - LIBRARY OF CONGRESS CONTROL NUMBER | |
| LC control number | 2004054696 |
| 020 ## - INTERNATIONAL STANDARD BOOK NUMBER | |
| International Standard Book Number | 1403962820 (cloth) |
| 020 ## - INTERNATIONAL STANDARD BOOK NUMBER | |
| International Standard Book Number | 1403962839 (pbk.) |
| 040 ## - CATALOGING SOURCE | |
| Original cataloging agency | DLC |
| Transcribing agency | DLC |
| Modifying agency | DLC |
| 042 ## - AUTHENTICATION CODE | |
| Authentication code | pcc |
| 043 ## - GEOGRAPHIC AREA CODE | |
| Geographic area code | f------ |
| 050 00 - LIBRARY OF CONGRESS CALL NUMBER | |
| Classification number | HQ1075.5 AFR 2005 |
| Item number | A376 2005 |
| 082 00 - DEWEY DECIMAL CLASSIFICATION NUMBER | |
| Classification number | 305.3/096 |
| Edition number | 22 |
| 245 00 - TITLE STATEMENT | |
| Title | African gender studies : |
| Remainder of title | a reader / |
| Statement of responsibility, etc. | Oyeronke Oyewumi (editor). |
| 260 ## - PUBLICATION, DISTRIBUTION, ETC. | |
| Place of publication, distribution, etc. | Houndmills, Basingstoke, England ; |
| -- | New York : |
| Name of publisher, distributor, etc. | Palgrave MacMillan, |
| Date of publication, distribution, etc. | c2005. |
| 300 ## - PHYSICAL DESCRIPTION | |
| Extent | xiv, 433 p. ; |
| Dimensions | 24 cm. |
| 500 ## - GENERAL NOTE | |
| General note | Includes bibliography |
| 504 ## - BIBLIOGRAPHY, ETC. NOTE | |
| Bibliography, etc. note | Includes bibliographical references and index. |
| 650 #0 - SUBJECT ADDED ENTRY--TOPICAL TERM | |
| Topical term or geographic name entry element | Sex role |
| Geographic subdivision | Africa. |
| 650 #0 - SUBJECT ADDED ENTRY--TOPICAL TERM | |
| Topical term or geographic name entry element | Women |
| Geographic subdivision | Africa |
| General subdivision | Social conditions. |
| 700 1# - ADDED ENTRY--PERSONAL NAME | |
| Personal name | Oyěwùmí, Oyèrónkẹ́. |
| 856 42 - ELECTRONIC LOCATION AND ACCESS | |
| Materials specified | Contributor biographical information |
| Uniform Resource Identifier | <a href="http://www.loc.gov/catdir/bios/hol056/2004054696.html">http://www.loc.gov/catdir/bios/hol056/2004054696.html</a> |
| 856 42 - ELECTRONIC LOCATION AND ACCESS | |
| Materials specified | Publisher description |
| Uniform Resource Identifier | <a href="http://www.loc.gov/catdir/description/hol054/2004054696.html">http://www.loc.gov/catdir/description/hol054/2004054696.html</a> |
| 856 41 - ELECTRONIC LOCATION AND ACCESS | |
| Materials specified | Table of contents |
| Uniform Resource Identifier | <a href="http://www.loc.gov/catdir/toc/hol052/2004054696.html">http://www.loc.gov/catdir/toc/hol052/2004054696.html</a> |
| 906 ## - LOCAL DATA ELEMENT F, LDF (RLIN) | |
| a | 7 |
| b | cbc |
| c | orignew |
| d | 1 |
| e | ocip |
| f | 20 |
| g | y-gencatlg |
| 942 ## - ADDED ENTRY ELEMENTS (KOHA) | |
| Source of classification or shelving scheme | Library of Congress Classification |
| Koha item type | Books |
| Classification part | 1075.5 |
| Item part | AFR |
| Call number prefix | HQ |
| Withdrawn status | Lost status | Damaged status | Not for loan | Collection code | Home library | Current library | Shelving location | Date acquired | Total Checkouts | Full call number | Barcode | Date last seen | Copy number | Price effective from | Koha item type | Source of classification or shelving scheme | Date last checked out | Total Renewals |
|---|---|---|---|---|---|---|---|---|---|---|---|---|---|---|---|---|---|---|
| Non-fiction | Gender Resource Centre | Gender Resource Centre | General Stacks | 05/11/2021 | HQ1075.5 AFR 2005 | 001413 | 05/11/2021 | c.1 | 05/11/2021 | Books | ||||||||
| Non-fiction | Gender Resource Centre | Gender Resource Centre | General Stacks | 05/11/2021 | 1 | HQ1075.5 AFR 2005 | 001410 | 03/11/2022 | c.2 | 05/11/2021 | Books | Library of Congress Classification | 02/25/2022 | |||||
| Non-fiction | Gender Resource Centre | Gender Resource Centre | General Stacks | 05/11/2021 | HQ1075.5 AFR 2005 | 004472 | 05/11/2021 | c.3 | 05/11/2021 | Books | ||||||||
| Non-fiction | Gender Resource Centre | Gender Resource Centre | General Stacks | 05/11/2021 | HQ1075.5 AFR 2005 | 001403 | 05/11/2021 | c.4 | 05/11/2021 | Books | ||||||||
| Non-fiction | Gender Resource Centre | Gender Resource Centre | General Stacks | 05/11/2021 | 1 | HQ1075.5 AFR 2005 | 001415 | 02/02/2023 | c.5 | 05/11/2021 | Books | 01/25/2023 | ||||||
| Non-fiction | Gender Resource Centre | Gender Resource Centre | General Stacks | 05/11/2021 | 4 | HQ1075.5 AFR 2005 | 001278 | 06/21/2023 | c.6 | 05/11/2021 | Books | 06/07/2023 | 2 | |||||
| Non-fiction | Gender Resource Centre | Gender Resource Centre | General Stacks | 05/11/2021 | HQ1075.5 AFR 2005 | 001411 | 05/11/2021 | c.7 | 05/11/2021 | Books | ||||||||
| Non-fiction | Gender Resource Centre | Gender Resource Centre | General Stacks | 05/11/2021 | HQ1075.5 AFR 2005 | 001408 | 05/11/2021 | c.8 | 05/11/2021 | Books | ||||||||
| Non-fiction | Gender Resource Centre | Gender Resource Centre | General Stacks | 05/11/2021 | 1 | HQ1075.5 AFR 2005 | 001409 | 07/01/2022 | c.9 | 05/11/2021 | Books | 06/24/2022 | ||||||
| Non-fiction | Gender Resource Centre | Gender Resource Centre | General Stacks | 05/11/2021 | HQ1075.5 AFR 2005 | 001406 | 05/11/2021 | c.10 | 05/11/2021 | Books | ||||||||
| Non-fiction | Gender Resource Centre | Gender Resource Centre | General Stacks | 05/11/2021 | HQ1075.5 AFR 2005 | 001414 | 05/11/2021 | c.11 | 05/11/2021 | Books | ||||||||
| Non-fiction | Gender Resource Centre | Gender Resource Centre | General Stacks | 05/11/2021 | HQ1075.5 AFR 2005 | 001244 | 05/11/2021 | c.12 | 05/11/2021 | Books | ||||||||
| Non-fiction | Gender Resource Centre | Gender Resource Centre | General Stacks | 05/11/2021 | HQ1075.5 AFR 2005 | 001412 | 05/11/2021 | c.13 | 05/11/2021 | Books | ||||||||
| Non-fiction | Gender Resource Centre | Gender Resource Centre | General Stacks | 05/11/2021 | HQ1075.5 AFR 2005 | 001277 | 05/11/2021 | c.14 | 05/11/2021 | Books | ||||||||
| Non-fiction | Gender Resource Centre | Gender Resource Centre | General Stacks | 05/11/2021 | HQ1075.5 AFR 2005 | 001405 | 05/11/2021 | c.15 | 05/11/2021 | Books | ||||||||
| Non-fiction | Gender Resource Centre | Gender Resource Centre | General Stacks | 05/11/2021 | HQ1075.5 AFR 2005 | 001416 | 05/11/2021 | c.16 | 05/11/2021 | Books | ||||||||
| Non-fiction | Gender Resource Centre | Gender Resource Centre | General Stacks | 05/11/2021 | 1 | HQ1075.5 AFR 2005 | 001210 | 07/15/2022 | c.17 | 05/11/2021 | Books | Library of Congress Classification | 07/08/2022 | |||||
| Non-fiction | Gender Resource Centre | Gender Resource Centre | General Stacks | 05/11/2021 | 1 | HQ1075.5 AFR 2005 | 001402 | 11/26/2021 | c.18 | 05/11/2021 | Books | Library of Congress Classification | 11/11/2021 |